Welcome to the Holygrace Academy Library

Please use search bar below to get started

TELL ME ABOUT (Record no. 2695)

MARC details
000 -LEADER
fixed length control field 00226nam a22001097a 4500
082 ## - DEWEY DECIMAL CLASSIFICATION NUMBER
Classification number 001
Item number CHA/T
245 ## - TITLE STATEMENT
Title TELL ME ABOUT
260 ## - PUBLICATION, DISTRIBUTION, ETC. (IMPRINT)
Place of publication LONDON
Name of publisher CHANCELLOR
300 ## - PHYSICAL DESCRIPTION
Number of Pages 207
650 ## - SUBJECT ADDED ENTRY--TOPICAL TERM
Topical Term GENERAL KNOWLEDGE
Geographic subdivision LONDON
942 ## - ADDED ENTRY ELEMENTS (KOHA)
Koha item type Books
Holdings
Withdrawn status Lost status Collection code Home library Current library Shelving location Date acquired Source of acquisition Full call number Accession Number Koha item type
    Reference Main Library Main Library   08/05/2012 PURCHASE 001 CHA/T 06161 Books